| 000 | 00805nam a22002417a 4500 | ||
|---|---|---|---|
| 003 | OSt | ||
| 005 | 20250811070056.0 | ||
| 008 | 240603b |||||||| |||| 00| 0 eng d | ||
| 020 | _a9786214091935 | ||
| 040 |
_aDWCL-Main Lib. _cOC |
||
| 082 | _aFil. 170 In61 2023 | ||
| 100 | _aUmali, Vanessa D. | ||
| 245 |
_aIntroduction to ethics / _cVanessa D. Umali [and four others] |
||
| 260 |
_aMandaluyong City, Philippines : _bBooks Atbp. Publishing Corporation, _cc2023. |
||
| 300 |
_aviii, 192 pages : _billustrations ; _c22cm. |
||
| 504 | _aIncludes bibliographical reference. | ||
| 650 | _a1. Ethics --- Study and teaching. | ||
| 700 | _aBuraga, Jeremias F. | ||
| 700 | _aMesinas, Michael M. | ||
| 700 | _aDela Trinidad, Mariel A. | ||
| 700 | _aLobo, Joliver L. | ||
| 942 |
_2ddc _cBK - FIL _kFil. _n0 |
||
| 999 |
_c96 _d96 |
||